📖 150 premiers mots"Au petit bonheur la chance !"Valognes - Statistiques

Statistiques générales
  • Ce quiz a Ă©tĂ© pris 16 fois
  • Le rĂ©sultat moyen est 94 sur 150
Statistiques - réponses
Mots % Correct
a
100%
A
100%
Ă 
100%
d'
100%
de
100%
est
100%
et
100%
l'
100%
la
100%
le
100%
les
100%
Marie,
100%
n'
100%
par
100%
pas
100%
s'
100%
sa
100%
se
100%
ses
100%
ce
92%
dans
92%
Elle
92%
en
92%
ĂȘtre
92%
il
92%
Jean
92%
ne
92%
Pour
92%
que
92%
qui
92%
sans
92%
son
92%
sur
92%
un
92%
une
92%
ces
83%
jour.
83%
petit
83%
autres,
75%
bien,
75%
comme
75%
fait
75%
mal".
75%
mal
75%
mĂšre,
75%
plus
75%
ans,
67%
fois,
67%
fois
67%
garçon
67%
lui
67%
lui.
67%
Peut-
67%
quatre
67%
air,
58%
air.
58%
"mĂȘme
58%
pensent
58%
6
50%
ceux
50%
fers
50%
fiche
50%
toujours
50%
Alors,
42%
retrouve,
42%
nez
33%
pensées.
33%
route
33%
souvenir
33%
aimé
25%
Chaque
25%
chaque
25%
devant
25%
dizaine
25%
perdu
25%
rĂȘveur :
25%
autant
17%
pleurer.
17%
venu,
17%
apprendre
8%
aurait
8%
aurait- ...
8%
aussitĂŽt,
8%
convaincre
8%
douloureux.
8%
'Prendre
8%
relĂšve
8%
surprendre
8%
voulu
8%
avancer
0%
banal
0%
blessent
0%
bond
0%
caillou
0%
chantonnant.
0%
chutes
0%
cicatrisent
0%
dégringolade,
0%
épargner
0%
escampette'
0%
étale
0%
genoux
0%
immanquablement,
0%
intact :
0%
inutiles,
0%
murmurant
0%
orgueil
0%
poudre
0%
repart,
0%
reste
0%
trébucher.
0%
Aucun quiz correspondant
Distribution des résultats
% des personnes avec chaque résultat
Percentile par nombre de réponses
Votre historique - résultats
Vous n’avez pas pris ce quiz